貨物列車の発着するJR駅 - Statistics

General Stats
  • This quiz has been taken 272 times
  • The average score is 8 of 30
Answer Stats
Answer % Correct
北見
46%
安治川口
42%
沼津
36%
東室蘭
34%
富士
34%
土浦
33%
南松本
33%
四日市
33%
倉賀野
30%
延岡
29%
竜王
27%
下関
26%
滝川
25%
富良野
24%
熊本
24%
新南陽
22%
新居浜
22%
八代
22%
大館
21%
日立
21%
多治見
21%
伯耆大山
21%
鍋島
21%
川内
21%
東福山
20%
西大分
20%
宇部
18%
水沢
17%
黒井
17%
大竹
15%
No matching quizzes found
Score Distribution
Percent of People with Each Score
Percentile by Number Answered
Your Score History
You have not taken this quiz